header

Titanium (Record no. 60866)

MARC details
000 -LEADER
fixed length control field 01170nam a2200313Ia 4500
100 1# - MAIN ENTRY--AUTHOR NAME
Personal name Donachie, Matthew J.
245 10 - TITLE STATEMENT
Title Titanium
250 ## - EDITION STATEMENT
Edition statement 2nd ed.
260 ## - PUBLICATION, DISTRIBUTION, ETC. (IMPRINT)
Place of publication Materials Park, OH :
Name of publisher ASM International,
Year of publication c2000.
300 ## - PHYSICAL DESCRIPTION
Number of Pages vii, 381 p. :
Other physical details ill.
650 #0 - SUBJECT ADDED ENTRY--TOPICAL TERM
Topical Term Titanium.
Topical Term Titanium alloys.
856 40 - ELECTRONIC LOCATION AND ACCESS
Uniform Resource Identifier http://site.ebrary.com/lib/rucke/Doc?id=10320366

No items available.

© 2026 Rongo University
Contact us: librarian | system librarian | Rongo university